Subcategory Multiple Choice: Language II Quiz Stats

 Plays Quiz Updated May 16, 2018

Challenge
Share
Tweet
Embed
Score 0/11 Timer 04:00
27 Plays Today
Question Answer Wrong Answers
Definition
Which of these words means 'a particular feature of something'?
aspect
97.1%
accept
0.5%
except
1.1%
expect
0.7%
Latin
Which Latin phrase means 'seize the day'?
carpe diem
95.6%
ipso facto
0.6%
cogito ergo sum
1.2%
quid pro quo
1.1%
Italian
Which of these translations of 'thank you' is in Italian?
grazie
91.6%
gracias
4.9%
obrigado
1.6%
danke
0.7%
Begins and Ends
Which of these words that begins and ends with 'R' is a palindrome?
rotator
91.6%
robber
2.7%
racer
3.6%
remember
2.2%
Translation
Which of these translations does not mean 'house'?
strada (Italian)
85%
casa (Spanish)
1.7%
maison (French)
5.6%
Haus (German)
5.9%
French
Which day of the week is found in the holiday name Mardi Gras when translated to French?
Tuesday
84.9%
Thursday
6.3%
Friday
4.5%
Sunday
3.5%
Spanish
Which conjugation of 'tener' is in the present 'yo' form?
tengo
74.6%
tuviste
1.9%
tendremos
4.8%
tiene
16.9%
Chinese
In which of these countries is Mandarin not an official language?
Laos
68%
China
2.9%
Taiwan
11.6%
Singapore
17.3%
Vocabulary
Which word is an antonym for 'slow'?
expeditious
65.2%
laggard
10.4%
lackadaisical
5.3%
dawdling
17.3%
German
Which of these languages has fewer native speakers than German?
Korean
42.2%
Bengali
28.6%
Portuguese
26.3%
Spanish
1.9%
Japanese
おやすみ, or Oyasumi, translates to what in English?
good night
26.7%
good morning
26.9%
how are you?
37.3%
hello
7.5%

You're not logged in!

Compare scores with friends on all Sporcle quizzes.
Join for Free
OR
Log In

You Might Also Like...

Show Comments

Extras

Top Quizzes Today


Score Distribution

Your Account Isn't Verified!

In order to create a playlist on Sporcle, you need to verify the email address you used during registration. Go to your Sporcle Settings to finish the process.

Report this User

Report this user for behavior that violates our Community Guidelines.

Details: